| 000 | 00549nam a2200193Ia 4500 | ||
|---|---|---|---|
| 003 | GCL | ||
| 008 | 140319s9999 xx 000 0 eng d | ||
| 040 |
_aGCL / _cGCL |
||
| 082 | 0 | 4 |
_aCC _b050.941 _bI T |
| 100 | 1 | _aIBRAHIM ALI BAKR AL-SAWALIHI AL-UFI | |
| 245 | 1 | 0 |
_aTEXTES ARABES ET ETUDES ISLAMIQUES : ANNUAL,TOME 24.1986 / _cIBRAHIM ALI BAKR AL-SAWALIHI AL-UFI |
| 260 |
_a[S.N] : _bIFAO ، _c1986 |
||
| 300 | _a181 PP | ||
| 650 | 0 | 4 | _aHISTORY |
| 650 | 0 | 4 | _aPERIODICALS |
| 650 | 0 | 4 | _aARABS |
| 650 | 0 | 4 | _aISLAM - CIVILIZATION |
| 942 |
_2ddc _cBK |
||
| 999 |
_c17743 _d17743 |
||